LEADER 01053nam a2200229 i 4500 001 000000195241 003 CaOOAMICUS 005 20101207000000.0 008 101207s1939 it u000 u ita u 013 $a173907 040 $aSeMil$bita 100 1 $aPalombo, Giuseppe.$0(OLS)http://semarc/name/25592 245 13$aLa catechesi cristologica di S. Alfonso M. De Liguori /$cGiuseppe Palombo ; a cura dello Studium Christi, Roma. 260 $aMilano :$bIstituto di Propaganda Libraria,$c1939. 300 $a36 p. ;$c24 cm. 650 4$aLiguori, Alfonso Maria : de' - Catechesi cristologica.$0(OLS)http://semarc/subject/36675 700 1 $aStudium Christi .$0(OLS)http://semarc/name/1949 850 $aSeMil 852 $aSeMil$W1$xVenegono$y1$m5A XII 8/16$j145810$B145810$CSeMilBibl$Z2$F157353 $81 961 $aOmaggio: Altro 996 $6245$aLa catechesi cristologica di S. Alfonso M. De Liguori$9(OLS)http://semarc/title/281642 996 $6260$aMilano :$bIstituto di Propaganda Libraria$9(OLS)http://semarc/publisher/30855 LEADER 01116nam a2200229 i 4500 001 000000102941 003 CaOOAMICUS 005 20010911000000.0 008 010911s1910 au u000 u lat u 013 $a75099 040 $aSeMil$bita 245 10$aSeculum secundum post celebratum Concilium Tridentinum :$bab anno 1664-1763. 250 $aEd. tertia plurimum aucta et emendata. 300 $aVII, 2064 col. 500 $aContiene : Tabulae chronologicae theologorum. 650 4$aTeologi - Biografie.$0(OLS)http://semarc/subject/278 700 1 $aHurter, Hugo .$0(OLS)http://semarc/name/1522 773 0 $aHurter, Hugo $tNomenclator literarius theologiae catholicae theologos exhibens aetate, natione, disciplinis distinctos.$dOeniponte : Libraria Academica Wagneriana, 1903-1913.$g4$w()6595 773 0 $tTheologiae catholicae.$g[Tomus2$w()6596 850 $aSeMil 852 $aSeMil$W1$xVenegono$y1$mSL1.Q III 4$j59402$B59402$CSeMilBibl$Z2$F43893 $8I 996 $6245$aSeculum secundum post celebratum Concilium Tridentinum :$bab anno 1664-1763$9(OLS)http://semarc/title/149682